The fables of Aesop / (Record no. 234595)
[ view plain ]
| 000 -LEADER | |
|---|---|
| fixed length control field | 01129cam a2200301 i 4500 |
| 001 - CONTROL NUMBER | |
| control field | 3161268 |
| 003 - CONTROL NUMBER IDENTIFIER | |
| control field | Nust |
| 005 - DATE AND TIME OF LATEST TRANSACTION | |
| control field | 20170324180816.0 |
| 008 - FIXED-LENGTH DATA ELEMENTS--GENERAL INFORMATION | |
| fixed length control field | 750617r19751818nyua 000 0 eng |
| 010 ## - LIBRARY OF CONGRESS CONTROL NUMBER | |
| LC control number | 75011176 |
| 020 ## - INTERNATIONAL STANDARD BOOK NUMBER | |
| International Standard Book Number | 9788171671335 |
| Terms of availability | $6.95 |
| 040 ## - CATALOGING SOURCE | |
| Original cataloging agency | DLC |
| Transcribing agency | DLC |
| Modifying agency | DLC |
| 050 00 - LIBRARY OF CONGRESS CALL NUMBER | |
| Classification number | PA3855.E5 |
| Item number | B38 1975 |
| 082 00 - DEWEY DECIMAL CLASSIFICATION NUMBER | |
| Classification number | 398.2452 |
| Author Mark | SHA |
| 130 0# - MAIN ENTRY--UNIFORM TITLE | |
| Uniform title | Aesop's fables. |
| Language of a work | English |
| 245 04 - TITLE STATEMENT | |
| Title | The fables of Aesop / |
| Statement of responsibility, etc. | with designs on wood by Thomas Bewick ; with a new introd. by Michael Marqusee. |
| 260 ## - PUBLICATION, DISTRIBUTION, ETC. | |
| Place of publication, distribution, etc. | New York : |
| Name of publisher, distributor, etc. | Paddington Press, |
| Date of publication, distribution, etc. | 1975. |
| 300 ## - PHYSICAL DESCRIPTION | |
| Extent | xxiv, 253 p. : |
| Other physical details | ill. ; |
| Dimensions | 24 cm. |
| 490 0# - SERIES STATEMENT | |
| Series statement | Masterpieces of the illustrated book |
| 500 ## - GENERAL NOTE | |
| General note | Reprint of the 1818 ed. printed by E. Walter, Newcastle, for T. Bewick. |
| 630 00 - SUBJECT ADDED ENTRY--UNIFORM TITLE | |
| Uniform title | Aesop's fables |
| General subdivision | Translations into English. |
| 630 00 - SUBJECT ADDED ENTRY--UNIFORM TITLE | |
| Uniform title | Aesop's fables |
| General subdivision | Illustrations. |
| 650 #0 - SUBJECT ADDED ENTRY--TOPICAL TERM | |
| Topical term or geographic name entry element | Fables, Greek |
| General subdivision | Translations into English. |
| 650 #0 - SUBJECT ADDED ENTRY--TOPICAL TERM | |
| Topical term or geographic name entry element | Fables, Greek |
| General subdivision | Illustrations. |
| 700 1# - ADDED ENTRY--PERSONAL NAME | |
| Personal name | Bewick, Thomas, |
| Dates associated with a name | 1753-1828. |
| 700 0# - ADDED ENTRY--PERSONAL NAME | |
| Personal name | Aesop. |
| 906 ## - LOCAL DATA ELEMENT F, LDF (RLIN) | |
| a | 7 |
| b | cbc |
| c | orignew |
| d | 1 |
| e | ocip |
| f | 19 |
| g | y-gencatlg |
| 942 ## - ADDED ENTRY ELEMENTS (KOHA) | |
| Source of classification or shelving scheme | |
| Koha item type | Book |
| Withdrawn status | Lost status | Source of classification or shelving scheme | Damaged status | Not for loan | Collection code | Permanent Location | Current Location | Shelving location | Date acquired | Total Checkouts | Full call number | Barcode | Date last seen | Copy number | Price effective from | Koha item type |
|---|---|---|---|---|---|---|---|---|---|---|---|---|---|---|---|---|
| Central Library (CL) | Central Library (CL) | Book Cart | 03/24/2017 | 398.2452 SHA | CL756 | 03/24/2017 | 1 | 03/24/2017 | Book |
